| 000 | 02510cam a22005054i 4500 | ||
|---|---|---|---|
| 003 | PE-LiUPU | ||
| 005 | 20250731173502.0 | ||
| 008 | 150616s1992 miu rb 000 0 eng d | ||
| 020 | _a0801056764 | ||
| 035 | _a(Sirsi) i9780801056765 | ||
| 040 |
_aPE-LiUPU _bspa _cPE-LiUPU _erda |
||
| 049 | _aPRUA | ||
| 082 | 0 | 4 |
_a281.1 _bL64 _221 |
| 100 | 1 |
_aLightfoot, John B., _d1818-1889, _eautor. |
|
| 245 | 1 | 4 |
_aThe Apostolic Fathers : _bGreek texts and English translations / _ceditado y traducido por Michael W. Holmes ; después del rimer trabajo de J.B. Lightfoot y J.R. Harmer. |
| 264 | 1 |
_aGrand Rapids, Michigan : _bBaker Book House, _c1992. |
|
| 300 |
_a609 páginas ; _c22 centímetros |
||
| 336 |
_atext _2rdacontent |
||
| 337 |
_aunmediated _2rdamedia |
||
| 338 |
_avolume _2rdacarrier |
||
| 504 | _aBibliografía al final de cada capáginas | ||
| 505 | 0 | _aThe epistles of clement of Rome -- The epistles of S. ignatius -- The epistle of S. polycarpáginas -The martyrdom of S. polycarpáginas -The didache, or teaching of the apostles -- The epistle of Barnabas -- The shepherd of hermas -- The epistle to diognetus -- Yhe fragments of papias -- The reliques of the elders preserved in irenaeus -- An ancient Christian sermon (2 Clement).- The letters of Ignatius, Bishop of Antioch.- The letter of Polycarp to the Philippians.- The martyrdom of Polycarpáginas | |
| 526 | _aSEG42 | ||
| 526 | _aSEG41 | ||
| 526 | _aSEG40 | ||
| 526 | _aSEG39 | ||
| 526 | _aP94 | ||
| 526 | _aP87 | ||
| 526 | _aP86 | ||
| 526 | _aP85 | ||
| 526 | _aP77 | ||
| 526 | _aP76 | ||
| 526 | _aP35 | ||
| 650 | 1 | 4 |
_aLiteratura cristiana temprana _xAutores griegos. |
| 910 |
_ajck _bjvq _cjck |
||
| 942 |
_2ddc _cBOOK |
||
| 949 |
_a281.1 L64 _wDEWEY _c1 _i40347 _lCCODEBUL1 _mBUL _r0 _sY _tBOOK _u2015-6-16 _xTEOLOGIA _PP35 _0COMPRA _o.STAFF. Colección Teología |
||
| 949 |
_a281.1 L64 _wDEWEY _c2 _i10860 _lCCODEBUL1 _mBUL _r0 _sY _tBOOK _u2015-4-23 _xTEOLOGIA _zUNKNOWN _0COMPRA _o.STAFF. Colección Teología |
||
| 994 |
_aC0 _bPEPRU |
||
| 596 | _a1 | ||
| 999 |
_a281.1 L64 _wDEWEY _c58152 _i40347 _d58152 _f2021-11-11 _g5 _lCCODEBUL1 _mBUL _p25.00 _q1 _r0 _sY _tBOOK _u2015-6-16 _xTEOLOGIA _PP35 _0COMPRA _o.STAFF. Colección Teología |
||
| 999 |
_a281.1 L64 _wDEWEY _c2 _i10860 _f2022-5-11 _g3 _lCCODEBUL1 _mBUL _p25.00 _r0 _sY _tBOOK _u2015-4-23 _xTEOLOGIA _PP35 _0COMPRA _o.STAFF. Colección Teología |
||
| 980 |
_81 _gALBERTO SANCHEZ Responsable de Automatización |
||